[Event "AUT-ch"]
[Site "Vienna"]
[Date "2023.07.25"]
[Round "4"]
[White "Menezes, Christoph"]
[Black "Bagwe, Gaurang"]
[Result "0-1"]
[WhiteElo "2416"]
[BlackElo "2205"]
[PlyCount "78"]
[EventDate "2023.07.22"]
[EventType "swiss"]
[EventRounds "9"]
[EventCountry "AUT"]
[SourceTitle "CBM 215 Extra"]
[Source "ChessBase"]
[SourceDate "2023.09.30"]
[SourceVersion "1"]
[SourceVersionDate "2023.09.30"]
[SourceQuality "1"]

1. c4 e5 2. g3 Nf6 3. Bg2 d5 4. cxd5 Nxd5 5. Nc3 Nb6 6. Nf3 Nc6 7. 0-0 Be7 8. d3 0-0 9. a3 f5 10. Be3 Be6 11. Rc1 Bf6 12. Re1 Nd4 13. Bxd4 exd4 14. Na4 Nxa4 15. Qxa4 c6 16. b4 Qd7 17. Rb1 a6 18. Qc2 Rae8 19. a4 Rf7 20. Nd2 Rfe7 21. Nb3 Bf7 22. Bf3 Re5 23. Na5 Bd8 24. Nc4 R5e6 25. b5 axb5 26. axb5 cxb5 27. Na3 Ba5 28. Rec1 Re5 29. Qb2 Bc3 30. Rxc3 dxc3 31. Qxc3 f4 32. d4 Rg5 33. Qd2 Bh5 34. Rb3 Qf7 35. Rxb5 Rxb5 36. Nxb5 Bxf3 37. exf3 fxg3 38. Nd6 gxh2+ 39. Kxh2 Qh5+ 0-1

[Event "AUT-ch"]
[Site "Vienna"]
[Date "2023.07.24"]
[Round "3"]
[White "Neumeier, Klaus"]
[Black "Menezes, Christoph"]
[Result "1/2-1/2"]
[WhiteElo "2217"]
[BlackElo "2416"]
[PlyCount "25"]
[EventDate "2023.07.22"]
[EventType "swiss"]
[EventRounds "9"]
[EventCountry "AUT"]
[SourceTitle "CBM 215 Extra"]
[Source "ChessBase"]
[SourceDate "2023.09.30"]
[SourceVersion "1"]
[SourceVersionDate "2023.09.30"]
[SourceQuality "1"]

1. c4 e6 2. g3 d5 3. Bg2 Nf6 4. Nf3 Be7 5. 0-0 0-0 6. b3 c5 7. e3 b6 8. Bb2 Bb7 9. Nc3 Qc8 10. d3 Rd8 11. Qe2 Nbd7 12. Rfd1 dxc4 13. dxc4 1/2-1/2

[Event "HUN-chT 2223"]
[Site "Hungary"]
[Date "2023.04.23"]
[Round "9.3"]
[White "Ongut, Tamas Gunes"]
[Black "Menezes, Christoph"]
[Result "1-0"]
[WhiteElo "2281"]
[BlackElo "2438"]
[PlyCount "39"]
[EventDate "2022.11.20"]
[EventType "team-tourn"]
[EventRounds "9"]
[EventCountry "HUN"]
[SourceTitle "EXT 2024"]
[Source "ChessBase"]
[SourceDate "2023.10.10"]
[SourceVersion "1"]
[SourceVersionDate "2023.10.10"]
[SourceQuality "1"]
[WhiteTeam "Budapest MTK"]
[BlackTeam "Hetenyi Geza"]
[WhiteTeamCountry "HUN"]
[BlackTeamCountry "HUN"]

1. d4 Nf6 2. c4 e6 3. Nc3 Bb4 4. e3 0-0 5. Bd2 d5 6. Nf3 b6 7. cxd5 exd5 8. Bd3 Re8 9. 0-0 Bd6 10. Nb5 Bf8 11. Ne5 c5 12. f4 Bb7 13. Be1 Ne4 14. Nc3 f6 15. Nxe4 fxe5 16. Ng5 e4 17. Qh5 h6 18. Qf7+ Kh8 19. Qxb7 hxg5 20. Bb5 1-0

[Event "HUN-chT 2223"]
[Site "Hungary"]
[Date "2022.11.20"]
[Round "1.3"]
[White "Menezes, Christoph"]
[Black "Berkes, Ferenc"]
[Result "0-1"]
[WhiteElo "2438"]
[BlackElo "2643"]
[PlyCount "106"]
[EventDate "2022.11.20"]
[EventType "team-tourn"]
[EventRounds "9"]
[EventCountry "HUN"]
[SourceTitle "CBM 211 Extra"]
[Source "ChessBase"]
[SourceDate "2023.01.31"]
[SourceVersion "1"]
[SourceVersionDate "2023.01.31"]
[SourceQuality "1"]
[WhiteTeam "Hetenyi Geza"]
[BlackTeam "Paks"]
[WhiteTeamCountry "HUN"]
[BlackTeamCountry "HUN"]

1. Nf3 d5 2. d4 Nf6 3. c4 c6 4. Nc3 e6 5. e3 a6 6. b3 Bb4 7. Bd2 Nbd7 8. Bd3 0-0 9. 0-0 Bd6 10. h3 h6 11. e4 dxc4 12. bxc4 e5 13. c5 Bc7 14. Na4 exd4 15. Re1 Re8 16. Qc2 Nh5 17. Rad1 Qf6 18. Nxd4 Ne5 19. Be2 Nf4 20. Bxf4 Qxf4 21. g3 Qf6 22. Kg2 Ng6 23. Bh5 Nf4+ 24. gxf4 Qxf4 25. Nf3 g6 26. Qc3 gxh5 27. Rg1 Kf8 28. Nb6 Rb8 29. Nxc8 Rbxc8 30. Rd7 Be5 31. Qd3 Bg7 32. e5 Bxe5 33. Rb1 Rc7 34. Rxb7 Rxb7 35. Rxb7 Re6 36. Rb1 Bc7 37. a3 a5 38. Kf1 a4 39. Rd1 Rf6 40. Kg2 Rg6+ 41. Kf1 Rf6 42. Kg2 Re6 43. Qc3 Rg6+ 44. Kf1 Rf6 45. Rd3 Qf5 46. Ke2 Re6+ 47. Re3 Qxh3 48. Qh8+ Ke7 49. Nd4 Rxe3+ 50. fxe3 Qg2+ 51. Kd3 Qf1+ 52. Ke4 Qg2+ 53. Kd3 Kd7 0-1

[Event "AUT-chT2M 2223"]
[Site "Austria"]
[Date "2022.10.02"]
[Round "3.1"]
[White "Schmidt, Peter"]
[Black "Menezes, Christoph"]
[Result "1/2-1/2"]
[WhiteElo "2400"]
[BlackElo "2423"]
[PlyCount "61"]
[EventDate "2022.09.30"]
[EventType "team-tourn"]
[EventRounds "11"]
[EventCountry "AUT"]
[SourceTitle "CBM 210 Extra"]
[Source "ChessBase"]
[SourceDate "2022.11.30"]
[SourceVersion "1"]
[SourceVersionDate "2022.11.30"]
[SourceQuality "1"]
[WhiteTeam "Sauwald"]
[BlackTeam "Ansfelden Union"]
[WhiteTeamCountry "AUT"]
[BlackTeamCountry "AUT"]

1. Nf3 d5 2. g3 g6 3. Bg2 Bg7 4. d4 Nf6 5. 0-0 0-0 6. c3 Bf5 7. Nbd2 Qc8 8. Re1 Na6 9. b4 c6 10. a4 Nc7 11. c4 dxc4 12. Nxc4 Rd8 13. Qb3 h6 14. Bb2 Be6 15. Qc2 Ncd5 16. Ba3 Bh3 17. Bh1 Qe6 18. Nce5 Nd7 19. Nd3 g5 20. e4 N5b6 21. Rac1 Rac8 22. Bb2 Qg6 23. Bg2 Bxg2 24. Kxg2 f5 25. Nde5 Qe6 26. exf5 Qd5 27. Ng6 Bf6 28. g4 Re8 29. Kg3 Qd6+ 30. Nfe5 Qxb4 31. Rb1 1/2-1/2

[Event "AUT-ch"]
[Site "Vienna"]
[Date "2022.08.17"]
[Round "7"]
[White "Diermair, Andreas"]
[Black "Menezes, Christoph"]
[Result "1/2-1/2"]
[WhiteElo "2458"]
[BlackElo "2414"]
[PlyCount "39"]
[EventDate "2022.08.12"]
[EventType "swiss"]
[EventRounds "9"]
[EventCountry "AUT"]
[SourceTitle "CBM 209 Extra"]
[Source "ChessBase"]
[SourceDate "2022.09.30"]
[SourceVersion "1"]
[SourceVersionDate "2022.09.30"]
[SourceQuality "1"]

1. d4 Nf6 2. c4 e6 3. Nf3 d5 4. g3 Be7 5. Bg2 0-0 6. 0-0 dxc4 7. Qc2 a6 8. a4 Bd7 9. Qxc4 Bc6 10. Bg5 Bd5 11. Qc2 Be4 12. Qc1 Nc6 13. e3 Nb4 14. Nc3 Bc6 15. a5 Rc8 16. Rd1 Qe8 17. Qb1 h6 18. Bxf6 Bxf6 19. Ne4 Be7 20. Rc1 1/2-1/2

[Event "Titled Tuesday intern op 09th Aug Late"]
[Site "Chess.com INT"]
[Date "2022.08.09"]
[Round "5"]
[White "Menezes, Christoph"]
[Black "Arias, Juan Cruz"]
[Result "1-0"]
[WhiteElo "2414"]
[BlackElo "2284"]
[PlyCount "111"]
[EventDate "2022.08.09"]
[EventType "swiss (blitz)"]
[EventRounds "11"]
[EventCountry "USA"]
[SourceTitle "EXT 2023"]
[Source "ChessBase"]
[SourceDate "2022.10.05"]
[SourceVersion "1"]
[SourceVersionDate "2022.10.05"]
[SourceQuality "1"]

1. e4 e6 2. d4 d5 3. Nc3 Nf6 4. e5 Nfd7 5. f4 c5 6. Nf3 Nc6 7. Be3 cxd4 8. Nxd4 Bc5 9. Qd2 0-0 10. 0-0-0 a6 11. Kb1 Nxd4 12. Bxd4 b5 13. h4 b4 14. Ne2 a5 15. h5 Ba6 16. h6 g6 17. f5 Qc7 18. Bxc5 Nxc5 19. Qd4 Ne4 20. Nf4 Rfc8 21. Bd3 Bxd3 22. cxd3 Qc2+ 23. Ka1 Nd2 24. fxe6 fxe6 25. Qb6 Rc7 26. Qxe6+ Rf7 27. Nxd5 a4 28. Nf6+ Kh8 29. Rxd2 Qc7 30. Rdd1 a3 31. Rc1 axb2+ 32. Kxb2 Qa7 33. Qb3 Qd4+ 34. Kb1 Rfa7 35. Rc2 Qxe5 36. Ne4 Ra3 37. Qb2 Qxb2+ 38. Rxb2 Rxd3 39. Rxb4 Rf8 40. Rc1 Rd5 41. a4 Rh5 42. Rb5 Rxh6 43. a5 Rh4 44. Nd6 Ra4 45. Kb2 Ra8 46. Nc4 Rc8 47. Kb3 Rcxc4 48. Rxc4 Ra1 49. Kb4 Kg7 50. Kc5 Kf6 51. Kb6 Ra2 52. Rc6+ Kg7 53. a6 Rxg2 54. a7 Ra2 55. Ra5 Rb2+ 56. Kc7 1-0

[Event "Titled Tuesday intern op 09th Aug Late"]
[Site "Chess.com INT"]
[Date "2022.08.09"]
[Round "2"]
[White "Menezes, Christoph"]
[Black "Ovezdurdiyeva, Jemal"]
[Result "1-0"]
[WhiteElo "2414"]
[BlackElo "2061"]
[PlyCount "97"]
[EventDate "2022.08.09"]
[EventType "swiss (blitz)"]
[EventRounds "11"]
[EventCountry "USA"]
[SourceTitle "EXT 2023"]
[Source "ChessBase"]
[SourceDate "2022.10.05"]
[SourceVersion "1"]
[SourceVersionDate "2022.10.05"]
[SourceQuality "1"]

1. e4 d6 2. d4 Nf6 3. Nc3 g6 4. Nf3 Bg7 5. Bf4 c6 6. Qd2 b5 7. a3 h5 8. e5 dxe5 9. dxe5 Qxd2+ 10. Nxd2 Ng4 11. Nf3 Nd7 12. e6 fxe6 13. h3 Ngf6 14. Bd3 Nf8 15. Ne5 Nd5 16. Nxd5 exd5 17. Nxc6 Bd7 18. Ne5 a6 19. 0-0-0 g5 20. Bh2 Be6 21. Rhe1 Rh6 22. Bf1 Rc8 23. Nd3 Bf5 24. Nb4 e6 25. c3 d4 26. Nxa6 dxc3 27. b4 c2 28. Rd2 Bc3 29. Nc7+ Kf7 30. Nxb5 Bxd2+ 31. Kxd2 Rd8+ 32. Kc1 Ng6 33. Nd6+ Kf6 34. Nxf5 exf5 35. Kxc2 Rc8+ 36. Kb3 f4 37. f3 Ne5 38. Bg1 Nc6 39. a4 Kf7 40. Bc4+ Kf8 41. Bc5+ Kg7 42. Rd1 Na5+ 43. Kc3 Nxc4 44. Kxc4 Ra6 45. a5 Rac6 46. Rd5 Ra6 47. Rxg5+ Kf6 48. Rxh5 Rg8 49. Rh6+ 1-0

[Event "Titled Tuesday intern op 09th Aug Late"]
[Site "Chess.com INT"]
[Date "2022.08.09"]
[Round "6"]
[White "Pinheiro, Iung Alicio"]
[Black "Menezes, Christoph"]
[Result "1-0"]
[WhiteElo "2320"]
[BlackElo "2414"]
[PlyCount "63"]
[EventDate "2022.08.09"]
[EventType "swiss (blitz)"]
[EventRounds "11"]
[EventCountry "USA"]
[SourceTitle "EXT 2023"]
[Source "ChessBase"]
[SourceDate "2022.10.05"]
[SourceVersion "1"]
[SourceVersionDate "2022.10.05"]
[SourceQuality "1"]

1. e4 e5 2. Bc4 Nf6 3. d3 c6 4. Nf3 Be7 5. 0-0 d6 6. Nc3 0-0 7. Bb3 Nbd7 8. a3 Kh8 9. h3 Nc5 10. Ba2 Be6 11. Re1 a5 12. d4 exd4 13. Nxd4 a4 14. Qf3 Nfd7 15. Nf5 g6 16. Nxe7 Qxe7 17. Bh6 Rg8 18. Be3 f6 19. Bxe6 Qxe6 20. Rad1 Rad8 21. Qg3 Ne5 22. Bd4 Qe7 23. Qe3 b5 24. Qc1 Ne6 25. Be3 g5 26. Ne2 g4 27. h4 Ng7 28. Ng3 Qf7 29. Bf4 Rge8 30. Rd4 Ng6 31. Red1 Nxf4 32. Qxf4 1-0

[Event "Titled Tuesday intern op 02nd Aug Early"]
[Site "Chess.com INT"]
[Date "2022.08.02"]
[Round "7"]
[White "Fernandez Hernandez, Gerardo"]
[Black "Menezes, Christoph"]
[Result "0-1"]
[WhiteElo "2169"]
[BlackElo "2414"]
[PlyCount "78"]
[EventDate "2022.08.02"]
[EventType "swiss (blitz)"]
[EventRounds "11"]
[EventCountry "USA"]
[SourceTitle "EXT 2023"]
[Source "ChessBase"]
[SourceDate "2022.10.05"]
[SourceVersion "1"]
[SourceVersionDate "2022.10.05"]
[SourceQuality "1"]

1. e4 c5 2. d3 Nc6 3. g3 g6 4. Bg2 Bg7 5. f4 d6 6. Nf3 Nf6 7. 0-0 0-0 8. h3 Rb8 9. g4 Ne8 10. f5 Nc7 11. Qe1 c4 12. Qh4 cxd3 13. cxd3 Nb4 14. Bh6 f6 15. Bxg7 Kxg7 16. Ne1 Nb5 17. Nc3 Nd4 18. a3 Nbc6 19. Nd5 g5 20. Qf2 e6 21. fxe6 Bxe6 22. Nc3 b5 23. Nf3 Qb6 24. Kh1 a5 25. Rac1 Nxf3 26. Qxf3 Ne5 27. Qe2 b4 28. Nd5 Bxd5 29. exd5 bxa3 30. bxa3 Rfc8 31. Be4 Qd4 32. Rxc8 Rxc8 33. Qf2 Qxf2 34. Rxf2 Rc3 35. Rb2 Nxd3 36. Rb7+ Kf8 37. Rxh7 Nf2+ 38. Kg2 Nxe4 39. Ra7 Rxa3 0-1

[Event "Paracin op-A 15th"]
[Site "Paracin"]
[Date "2022.07.14"]
[Round "7"]
[White "Menezes, Christoph"]
[Black "Makridis, Dimitrios"]
[Result "1-0"]
[WhiteElo "2417"]
[BlackElo "2152"]
[PlyCount "95"]
[EventDate "2022.07.08"]
[EventType "swiss"]
[EventRounds "9"]
[EventCountry "SRB"]
[SourceTitle "CBM 209 Extra"]
[Source "ChessBase"]
[SourceDate "2022.09.30"]
[SourceVersion "1"]
[SourceVersionDate "2022.09.30"]
[SourceQuality "1"]

1. c4 e6 2. Nc3 d5 3. e3 Nf6 4. Nf3 b6 5. b3 Bb7 6. Bb2 Nbd7 7. cxd5 exd5 8. Rc1 a6 9. d4 Bd6 10. g3 0-0 11. Bg2 Re8 12. 0-0 b5 13. Ne2 a5 14. Nf4 a4 15. Nd3 Ne4 16. Nfe5 axb3 17. axb3 Nxe5 18. dxe5 Ba3 19. Bxa3 Rxa3 20. f3 Ng5 21. h4 Ne6 22. f4 Ba8 23. Nb4 c5 24. Nxd5 Ra2 25. e4 Qa5 26. Rf2 h6 27. Rxa2 Qxa2 28. Kh2 Qb2 29. Qc2 Qxc2 30. Rxc2 Rb8 31. f5 Nd4 32. Rxc5 Nxb3 33. Rc7 Nd4 34. Nb4 Kf8 35. g4 Re8 36. Rc5 Bb7 37. Kg3 Ra8 38. Rc7 Ra3+ 39. Kh2 Ba8 40. Nd5 Kg8 41. Rd7 Bc6 42. Rd8+ Kh7 43. Ne7 Ra4 44. e6 fxe6 45. Ng6 Ra8 46. Rxd4 exf5 47. gxf5 Rb8 48. Rb4 1-0

[Event "Paracin op-A 15th"]
[Site "Paracin"]
[Date "2022.07.12"]
[Round "5"]
[White "Menezes, Christoph"]
[Black "Andreev, Konstantin1111"]
[Result "1-0"]
[WhiteElo "2417"]
[BlackElo "2174"]
[PlyCount "65"]
[EventDate "2022.07.08"]
[EventType "swiss"]
[EventRounds "9"]
[EventCountry "SRB"]
[SourceTitle "CBM 209 Extra"]
[Source "ChessBase"]
[SourceDate "2022.09.30"]
[SourceVersion "1"]
[SourceVersionDate "2022.09.30"]
[SourceQuality "1"]

1. d4 Nf6 2. c4 e6 3. Nc3 Bb4 4. Qc2 0-0 5. e4 d5 6. e5 Ne4 7. Bd3 c5 8. Nf3 cxd4 9. Nxd4 Nd7 10. Bf4 Ndc5 11. 0-0 Bxc3 12. bxc3 Nxd3 13. Qxd3 Nc5 14. Qg3 Kh8 15. Rfd1 Bd7 16. cxd5 exd5 17. f3 Rc8 18. Bg5 Qa5 19. Be7 Rfe8 20. Bxc5 Qxc5 21. Rd3 Bf5 22. Re3 Bg6 23. Rae1 b5 24. h4 b4 25. h5 Bxh5 26. Nf5 g6 27. cxb4 Qb6 28. Nd6 Rc3 29. Qf2 Rxe3 30. Qxe3 Rb8 31. Qxb6 Rxb6 32. Rc1 h6 33. b5 1-0

[Event "BL2-Sued 2122"]
[Site "Germany"]
[Date "2022.07.03"]
[Round "10.7"]
[White "Bilchinski, Anton"]
[Black "Menezes, Christoph"]
[Result "1/2-1/2"]
[WhiteElo "2241"]
[BlackElo "2417"]
[PlyCount "37"]
[EventDate "2022.03.05"]
[EventType "team-tourn"]
[EventRounds "10"]
[EventCountry "GER"]
[SourceTitle "EXT 2023"]
[Source "ChessBase"]
[SourceDate "2022.10.05"]
[SourceVersion "1"]
[SourceVersionDate "2022.10.05"]
[SourceQuality "1"]
[WhiteTeam "Eppingen"]
[BlackTeam "Schoenaich"]
[WhiteTeamCountry "GER"]
[BlackTeamCountry "GER"]

1. d4 Nf6 2. c4 e6 3. Nc3 Bb4 4. Qc2 0-0 5. a3 Bxc3+ 6. Qxc3 d5 7. Nf3 dxc4 8. Qxc4 b6 9. Bg5 Ba6 10. Qa4 h6 11. Bh4 Qe7 12. Rc1 Rc8 13. e3 Bxf1 14. Rxf1 c5 15. dxc5 Rxc5 16. Rxc5 Qxc5 17. Bxf6 gxf6 18. Ke2 Nc6 19. Rd1 1/2-1/2

[Event "Vienna GM Feb"]
[Site "Vienna"]
[Date "2022.02.21"]
[Round "5"]
[White "Diermair, Andreas"]
[Black "Menezes, Christoph"]
[Result "1-0"]
[WhiteElo "2469"]
[BlackElo "2415"]
[PlyCount "67"]
[EventDate "2022.02.17"]
[EventType "tourn"]
[EventRounds "9"]
[EventCountry "AUT"]
[EventCategory "9"]
[SourceTitle "CBM 207 Extra"]
[Source "ChessBase"]
[SourceDate "2022.05.31"]
[SourceVersion "1"]
[SourceVersionDate "2022.05.31"]
[SourceQuality "1"]

1. d4 Nf6 2. Nf3 d5 3. c4 e6 4. Nc3 dxc4 5. e4 Bb4 6. Bxc4 Nxe4 7. 0-0 Nf6 8. Qa4+ Nc6 9. Ne5 Rb8 10. Rd1 0-0 11. Nxc6 bxc6 12. Qxa7 Bd7 13. Qa4 c5 14. Qc2 cxd4 15. Rxd4 h6 16. Bf4 Bc5 17. Rd3 Bb6 18. Rad1 Qe7 19. Qe2 Rfd8 20. Qd2 e5 21. Be3 c5 22. Bxh6 gxh6 23. Qxh6 Bg4 24. Rg3 Bc7 25. Nd5 Rxd5 26. Rxd5 Qe6 27. h3 Qf5 28. b3 Qf4 29. Qxf4 exf4 30. Rxg4+ Nxg4 31. hxg4 Rd8 32. Rg5+ Kf8 33. Kf1 Rd2 34. Rf5 1-0

[Event "Vienna GM Feb"]
[Site "Vienna"]
[Date "2022.02.17"]
[Round "1"]
[White "Kraus, Tomas"]
[Black "Menezes, Christoph"]
[Result "1/2-1/2"]
[WhiteElo "2477"]
[BlackElo "2415"]
[PlyCount "51"]
[EventDate "2022.02.17"]
[EventType "tourn"]
[EventRounds "9"]
[EventCountry "AUT"]
[EventCategory "9"]
[SourceTitle "CBM 207 Extra"]
[Source "ChessBase"]
[SourceDate "2022.05.31"]
[SourceVersion "1"]
[SourceVersionDate "2022.05.31"]
[SourceQuality "1"]

1. d4 Nf6 2. c4 e6 3. Nc3 Bb4 4. e3 0-0 5. Bd2 d5 6. Nf3 b6 7. cxd5 exd5 8. Rc1 Be7 9. Bd3 Bb7 10. 0-0 c5 11. Ne5 Nc6 12. Be1 Re8 13. Bb5 Qc7 14. f4 a6 15. Bd3 Rad8 16. Kh1 b5 17. a3 Qb6 18. Qf3 cxd4 19. exd4 Na5 20. Bf2 Nc4 21. Rc2 Nd6 22. Rfc1 Nfe4 23. Bg1 f6 24. Ng4 Bf8 25. Ne3 Nxc3 26. Rxc3 1/2-1/2

[Event "CZE-chT 2122"]
[Site "Czech Republic"]
[Date "2022.01.30"]
[Round "8.3"]
[White "Babula, Vlastimil"]
[Black "Menezes, Christoph"]
[Result "1-0"]
[WhiteElo "2562"]
[BlackElo "2391"]
[PlyCount "55"]
[EventDate "2021.10.15"]
[EventType "team-tourn"]
[EventRounds "15"]
[EventCountry "CZE"]
[SourceTitle "EXT 2023"]
[Source "ChessBase"]
[SourceDate "2022.10.05"]
[SourceVersion "1"]
[SourceVersionDate "2022.10.05"]
[SourceQuality "1"]
[WhiteTeam "Novoborsky"]
[BlackTeam "Brno Duras"]
[WhiteTeamCountry "CZE"]
[BlackTeamCountry "CZE"]

1. d4 Nf6 2. c4 g6 3. Nc3 d5 4. cxd5 Nxd5 5. e4 Nxc3 6. bxc3 Bg7 7. h3 0-0 8. Nf3 c5 9. Be2 Nc6 10. Be3 Qa5 11. 0-0 Rd8 12. Rc1 e6 13. Bg5 Rd6 14. Nd2 cxd4 15. Nc4 Qxg5 16. Nxd6 dxc3 17. Nb5 Be5 18. Nxc3 h5 19. Bb5 Nd4 20. Ne2 Nxe2+ 21. Bxe2 h4 22. Bg4 Qf4 23. Qd8+ Kg7 24. Rfd1 Qh2+ 25. Kf1 Bf6 26. Qe8 Qb8 27. e5 Bg5 28. f4 1-0

[Event "CZE-chT 2122"]
[Site "Czech Republic"]
[Date "2021.12.19"]
[Round "6.2"]
[White "Menezes, Christoph"]
[Black "Rasik, Vitezslav"]
[Result "1-0"]
[WhiteElo "2391"]
[BlackElo "2425"]
[PlyCount "81"]
[EventDate "2021.10.15"]
[EventType "team-tourn"]
[EventRounds "15"]
[EventCountry "CZE"]
[SourceTitle "EXT 2023"]
[Source "ChessBase"]
[SourceDate "2022.10.05"]
[SourceVersion "1"]
[SourceVersionDate "2022.10.05"]
[SourceQuality "1"]
[WhiteTeam "Brno Duras"]
[BlackTeam "Ostrava Labortech"]
[WhiteTeamCountry "CZE"]
[BlackTeamCountry "CZE"]

1. d4 d6 2. Nf3 g6 3. c4 Bg7 4. Nc3 Nf6 5. g3 0-0 6. Bg2 c6 7. 0-0 Bf5 8. Ne1 Qc8 9. e4 Bh3 10. f3 Bxg2 11. Kxg2 Na6 12. Be3 Qd7 13. Nd3 Nc7 14. Rc1 Rfc8 15. e5 Nfe8 16. f4 b5 17. b3 Rab8 18. Qf3 bxc4 19. bxc4 Na8 20. Ne4 Nb6 21. g4 f5 22. gxf5 Qxf5 23. Bg1 d5 24. Ng3 Qf7 25. c5 Nc4 26. f5 Nd2 27. Qe2 Nxf1 28. Rxf1 Rb7 29. fxg6 Qxg6 30. Nf4 Qg5 31. Ne6 Qg6 32. Nf4 Qg5 33. Be3 Rcb8 34. h4 Qxh4 35. Rh1 Qxh1+ 36. Kxh1 Rb1+ 37. Bg1 Ra1 38. Qg4 Rbb1 39. Qe6+ Kf8 40. Nh3 Rd1 41. Nf5 1-0

[Event "CZE-chT 2122"]
[Site "Czech Republic"]
[Date "2021.11.07"]
[Round "4.5"]
[White "Menezes, Christoph"]
[Black "Bures, Jaroslav"]
[Result "1-0"]
[WhiteElo "2391"]
[BlackElo "2394"]
[PlyCount "71"]
[EventDate "2021.10.15"]
[EventType "team-tourn"]
[EventRounds "15"]
[EventCountry "CZE"]
[SourceTitle "EXT 2023"]
[Source "ChessBase"]
[SourceDate "2022.10.05"]
[SourceVersion "1"]
[SourceVersionDate "2022.10.05"]
[SourceQuality "1"]
[WhiteTeam "Brno Duras"]
[BlackTeam "Frydek Mistek"]
[WhiteTeamCountry "CZE"]
[BlackTeamCountry "CZE"]

1. Nf3 d5 2. d4 e6 3. c4 a6 4. Bg5 Be7 5. Bxe7 Qxe7 6. Nbd2 Nf6 7. g3 0-0 8. Bg2 c5 9. dxc5 Qxc5 10. cxd5 exd5 11. 0-0 Nc6 12. Rc1 Qa5 13. a3 Re8 14. e3 h6 15. Qc2 Ne4 16. Nb3 Qb6 17. Nfd4 Ne5 18. Nc5 Nf6 19. Na4 Qd8 20. b3 Bd7 21. Nc3 Rc8 22. Qa2 Nd3 23. Rc2 Bg4 24. h3 Bh5 25. Nxd5 Nxd5 26. Rxc8 Qxc8 27. Bxd5 Qxh3 28. Bxb7 Rxe3 29. Bg2 Rxg3 30. fxg3 Qxg3 31. Qd2 g6 32. Qxh6 Qe5 33. Nc6 Qc5+ 34. Kh1 Be2 35. Rf6 Qxa3 36. Rxg6+ 1-0